| 000 | 00669nam a2200229Ia 4500 | ||
|---|---|---|---|
| 003 | OSt | ||
| 005 | 20221007071048.0 | ||
| 006 | a|||||r|||| 00| 0 | ||
| 007 | ta | ||
| 008 | 221006b |||||||| |||| 00| 0 eng d | ||
| 024 | _a13,133 | ||
| 037 | _cTextual | ||
| 040 |
_aFLL _cFLL _beng |
||
| 041 |
_2eng _aeng |
||
| 082 | _aV435:2:9zqN57:9, K0 | ||
| 100 |
_aHickling R.H. _9688059 |
||
| 245 | 0 | _aIntroduction to the federal constitution | |
| 260 |
_aKuala _bLumpur The Federation of Malaya Information Services Kuala Lumpur _c1960 |
||
| 300 |
_a80p _ccm. |
||
| 942 |
_hV435:2:9zqN57:9, K0 _cTEXL _2CC |
||
| 999 |
_c1142326 _d1142326 |
||